Dobrý den

Titel: Dobrý den : chmiel, tożsamość i luz : polskie mity o Czechach / Jakub Medek
Verfasser:
Veröffentlicht: Kraków : Mando, © 2025
Umfang: 352 Seiten ; 21 cm
Format: Buch
Sprache: Polnisch
Schlagworte:
ISBN: 9788327746320 ; 8327746324
Buchumschlag
X
alg: 54178865
001A    $03004:05-02-26 
001B    $03004:03-03-26 $t09:43:48.000 
001D    $03004:05-02-26 
001U    $0utf8 
001X    $00 
002@    $0Aau 
002C    $aText $btxt $2rdacontent 
002D    $aohne Hilfsmittel zu benutzen $bn $2rdamedia 
002E    $aBand $bnc $2rdacarrier 
003@    $0541788655 
004A    $A978-83-277-4632-0 $f((oprawa miękka)) 
004A    $083-277-4632-4 
006C    $01547876322 $aOCoLC 
007A    $0541788655 $aHEB 
010@    $apol 
010E    $erda 
011@    $a2025 $n© 2025 
021A    $aDobrý den $dchmiel, tożsamość i luz : polskie mity o Czechach $hJakub Medek 
028A    $BVerfasser $4aut $7 $8Medek, Jakub [Tnu] $9541788647 
033A    $pKraków $nMando 
034D    $a352 Seiten 
034I    $a21 cm 
037A    $aW obrębie wydania dodruk. 
044A    $aCzech Republic $S#0 $xCivilization $N651 
044A    $aCzech Republic $S#0 $xSocial life and customs $N651 
044A    $aNational characteristics, Czech $S#0 $N650 
044A    $aEsej $2dbn $S#7 $N655 
044K    $RTschechin $#Czechs $#Tchèques $#Tschechen $#Tscheche $#Tschechen $#Czechs $74061083-4 $8Tschechen [Ts1] $9085169609 
044K    $RPolin $#Polish people $#Polonais $#Polen (Personen) $#Pole $#Polen (Personen) $74046497-0 $8Polen$gVolk [Ts1] $908512981X 
044K    $RKultur $RSachkultur $RArbeiterkultur $RIndustriekultur $RMassenkultur $RVolkskultur $RAlltag $#Manners and customs $#Moeurs et coutumes $#Alltagskultur $#Alltag Kultur $74122782-7 $8Alltagskultur [Ts1] $9085402958 
044K    $RSozialcharakter $#National characteristics $#Caractère national $#Caratteristiche nazionali $#Nationalkultur $#Nationalcharakter $#Volkscharakter $#Nation Charakter $#Nation Sozialcharakter $74137343-1 $8Nationalcharakter [Ts1] $908551439X 
044K    $RVorurteil $RBild $RStereotypisierung $#Stereotypes (Social psychology) $#Stéréotype (psychologie) $#Stereotipi $#Estereotipo (Psicología) $#Stereotyp $#Stereotyp $#Stereotype $#Sozialstereotyp $#Stereotypen $74057329-1 $8Stereotyp [Ts1] $9085159530 
044K    $RKulturbeziehungen $RInterkulturalität $RKulturvermittlung $RKulturwandel $#Intercultural communication $#Communication interculturelle $#Comunicazione interculturale $#Comunicación intercultural $#Interkulturelle Beziehungen $#interkulturelle Kommunikation $#Interkulturelle Kommunikation $#Kulturkontakt $#Interkulturelle Kommunikation $#Interkultureller Austausch $#Interkultureller Kontakt $#Kulturbegegnung $#Kulturberührung $#Interethnik $#Interethnische Beziehungen $74033569-0 $8Kulturkontakt [Ts1] $9085089664 
045F    $a306.0943710902 $eDDC23BSB 
045F/01 $a306.09 
045F/03 $f0902 
045F/03 $f0903 
045F/03 $f0904 
045F/03 $g4371 
045R    $aGeschichte Anfänge-2025 
047C    $aPolskie mity o Czechach 

lok: 54178865 24

exp: 54178865 24 1 #EPN
201B/01 $002-03-26 $t16:39:24.000 
201C/01 $005-02-26 
201U/01 $0utf8 
203@/01 $01333532431 
208@/01 $a02-03-26 $bz 
209A/01 $a26.00682 $du $f050 $h26 00682 $x00 
209C/01 $a26.00682 K $h26 00682 K 
209G/01 $a75175140 $x00 
220C/01 $ahae 
247C/01 $8358050-7 Marburg, Bibliothek des Herder-Instituts Marburg $9102600961
LEADER 00000cam a2200000 c 4500
001 541788655
003 DE-603
005 20260303094348.0
007 tu
008 260205s2025 xx |||| | u00||u|pol c
020 |a 9788327746320  |c ((oprawa miękka)) 
020 |a 8327746324 
035 |a (DE-599)HEB541788655 
040 |a DE-603  |b ger  |c DE-603  |d DE-603  |e rda 
041 |a pol 
082 0 4 |8 1\u  |a 306.0943710902  |q DE-101  |2 23/BSB 
085 |8 1\u  |b 306.09 
085 |8 1\u  |z 1  |s 0902 
085 |8 1\u  |z 1  |s 0903 
085 |8 1\u  |z 1  |s 0904 
085 |8 1\u  |z 2  |s 4371 
100 1 |a Medek, Jakub  |e Verfasser  |4 aut  |0 (DE-603)541788647 
245 0 0 |a Dobrý den  |b chmiel, tożsamość i luz : polskie mity o Czechach  |c Jakub Medek 
246 1 0 |a Polskie mity o Czechach 
264 1 |a Kraków  |b Mando  |c © 2025 
300 |a 352 Seiten  |c 21 cm 
336 |a Text  |b txt  |2 rdacontent 
337 |a ohne Hilfsmittel zu benutzen  |b n  |2 rdamedia 
338 |a Band  |b nc  |2 rdacarrier 
500 |a W obrębie wydania dodruk. 
648 7 |a Geschichte Anfänge-2025  |2 gnd 
650 7 |a Tschechen  |0 (DE-588)4061083-4  |0 (DE-603)085169609  |2 gnd 
650 7 |a Polen  |g Volk  |0 (DE-588)4046497-0  |0 (DE-603)08512981X  |2 gnd 
650 7 |a Alltagskultur  |0 (DE-588)4122782-7  |0 (DE-603)085402958  |2 gnd 
650 7 |a Nationalcharakter  |0 (DE-588)4137343-1  |0 (DE-603)08551439X  |2 gnd 
650 7 |a Stereotyp  |0 (DE-588)4057329-1  |0 (DE-603)085159530  |2 gnd 
650 7 |a Kulturkontakt  |0 (DE-588)4033569-0  |0 (DE-603)085089664  |2 gnd 
924 0 |9 Mb 50  |a (DE-603)1333532431  |b DE-Mb50  |c HES  |d c  |g 26.00682